Central Library OPAC University of Rajshahi

Price formation in various economies: (Record no. 44353)

MARC details
000 -LEADER
fixed length control field 00963nam a2200253 a 4500
001 - CONTROL NUMBER
control field 44353
003 - CONTROL NUMBER IDENTIFIER
rucl marc code BD-RjUL
005 - DATE AND TIME OF LATEST TRANSACTION
control field 20211209053836.0
008 - FIXED-LENGTH DATA ELEMENTS--GENERAL INFORMATION
fixed length control field 190717s1967 enka b 100 0 eng
035 ## - SYSTEM CONTROL NUMBER
System control number (BD-RjUL)44471
040 ## - CATALOGING SOURCE
Original cataloging agency DLC
Transcribing agency DLC
Modifying agency BD-RjUL
Language of cataloging eng
041 ## - LANGUAGE CODE
Language code of text/sound track or separate title eng
082 00 - DEWEY DECIMAL CLASSIFICATION NUMBER
Classification number 338.508
Edition number 23
Author mark and year PRI 1967
245 00 - TITLE STATEMENT
Title Price formation in various economies:
Remainder of title proceedings of a conference held by the International Economic Association /
Statement of responsibility, etc. edited by D. C. Hague.
260 ## - PUBLICATION, DISTRIBUTION, ETC. (IMPRINT)
Place of publication, distribution, etc. London,
-- Melbourne [etc.]
-- New York,
Name of publisher, distributor, etc. St. Martin's P.,
Date of publication, distribution, etc. 1967.
300 ## - PHYSICAL DESCRIPTION
Pagination xviii, 281 p. :
Illustrations tables, diagrs. ;
Size 22 cm.
500 ## - GENERAL NOTE
General note "Held at the Maale Hashamisha Kibbutz, near Jerusalem, during March 1964."
504 ## - BIBLIOGRAPHY, ETC. NOTE
Bibliography, etc Includes bibliographies.
650 #0 - SUBJECT ADDED ENTRY--TOPICAL TERM
Topical term or geographic name as entry element Prices
Form subdivision Congresses.
9 (RLIN) 136132
700 1# - ADDED ENTRY--PERSONAL NAME
Personal name Hague, D. C.
Fuller form of name (Douglas Chalmers),
Dates associated with a name 1926-2015,
Relator term ed.
710 2# - ADDED ENTRY--CORPORATE NAME
Corporate name or jurisdiction name as entry element International Economic Association.
9 (RLIN) 130641
942 ## - ADDED ENTRY ELEMENTS (KOHA)
Source of classification or shelving scheme Dewey Decimal Classification
Koha item type Books
Holdings
Lost status Source of classification or shelving scheme Damaged status Not for loan Collection code Permanent Location Current Location Shelving location Date acquired Source of acquisition Cost, normal purchase price Total Checkouts Full call number Date last seen Copy number Koha item type
  Dewey Decimal Classification     Non-fiction Central Library, University of Rajshahi Central Library, University of Rajshahi   21/12/1968 Zeitlinger 42.00   338.508 PRI 1967 17/07/2016 C-2 Books
  Dewey Decimal Classification     Non-fiction Central Library, University of Rajshahi Central Library, University of Rajshahi   21/12/1968 Zeitlinger 42.00   338.508 PRI 1967 17/07/2016 C-3 Books
  Dewey Decimal Classification     Non-fiction Central Library, University of Rajshahi Central Library, University of Rajshahi   21/12/1968 Zeitlinger 42.00   338.508 PRI 1967 17/07/2016 C-4 Books